| 000 | 00393nam a2200145Ia 4500 | ||
|---|---|---|---|
| 008 | 231129s1997||||xx |||||||||||||| ||spa|| | ||
| 020 | _a84-08-01708-X | ||
| 040 | _bspa | ||
| 082 | _aR 200.103 T821d | ||
| 100 | _aTrías Eugenio | ||
| 245 | 0 | _aDiccionario del Espíritu | |
| 260 | _c1997 | ||
| 264 | _aBogotá Colombia : Planeta | ||
| 942 |
_2ddc _cBKS |
||
| 999 |
_c9414 _d9414 |
||